Perspektívy zemného plynu na európskom energetickom trhu vo svetle prebiehajúcich zmien
Otázky súvisiace s posilnením energetickej bezpečnosti a zaistenie stabilných a neprerušovaných dodávok zemného plynu na trh EÚ, čo je v prípade zemného plynu po rope druhá najdôležitejšia energetická surovina.
Gespeichert in:
| 1. Verfasser: | |
|---|---|
| Format: | Buchkapitel |
| Sprache: | Slowakisch |
| Schlagworte: | |
| Tags: |
Keine Tags, Fügen Sie das erste Tag hinzu!
|
MARC
| LEADER | 00000naa$a2200000$$$4500 | ||
|---|---|---|---|
| 001 | 0226287 | ||
| 005 | 20240502073722.8 | ||
| 041 | 0 | |a slo | |
| 044 | |a SK | ||
| 245 | 1 | 0 | |a Perspektívy zemného plynu na európskom energetickom trhu vo svetle prebiehajúcich zmien |c Viera Ružeková |
| 520 | |a Otázky súvisiace s posilnením energetickej bezpečnosti a zaistenie stabilných a neprerušovaných dodávok zemného plynu na trh EÚ, čo je v prípade zemného plynu po rope druhá najdôležitejšia energetická surovina. | ||
| 610 | 2 | 0 | |a palivá |
| 610 | 2 | 0 | |a objekty hospodárenia |
| 610 | 2 | 0 | |a plyn zemný |
| 610 | 2 | 0 | |a plynovody |
| 610 | 2 | 0 | |a bezpečnosť energetická |
| 610 | 2 | 0 | |a diverzifikácia |
| 610 | 2 | 0 | |a energia |
| 610 | 2 | 0 | |a suroviny |
| 100 | 1 | |a Ružeková, Viera, 1957- | |